000 00301nam a22001337a 4500
008 180316b xxu||||| |||| 00| 0 eng d
020 _a9780030101991
041 _aeng
080 _a334.7
100 _a55
101 _aMNGF
245 _aEssentials of Managerial Finance
_cWeston
942 _2udc
_cBK
999 _c45251
_d45251